LEADER 03483nam 22006135 450 001 9910254075603321 005 20251113182644.0 010 $a981-10-0913-9 024 7 $a10.1007/978-981-10-0913-6 035 $a(CKB)3710000000653760 035 $a(EBL)4516755 035 $a(SSID)ssj0001665936 035 $a(PQKBManifestationID)16454434 035 $a(PQKBTitleCode)TC0001665936 035 $a(PQKBWorkID)15000255 035 $a(PQKB)10576041 035 $a(DE-He213)978-981-10-0913-6 035 $a(MiAaPQ)EBC4516755 035 $a(PPN)193442825 035 $a(EXLCZ)993710000000653760 100 $a20160428d2016 u| 0 101 0 $aeng 135 $aur|n|---||||| 181 $ctxt 182 $cc 183 $acr 200 10$aCurrent Topics in Summability Theory and Applications /$fedited by Hemen Dutta, Billy E. Rhoades 205 $a1st ed. 2016. 210 1$aSingapore :$cSpringer Nature Singapore :$cImprint: Springer,$d2016. 215 $a1 online resource (436 p.) 300 $aDescription based upon print version of record. 311 08$a981-10-0912-0 320 $aIncludes bibliographical references at the end of each chapters. 327 $aChapter 1. An Introduction to Summability Methods -- Chapter 2. Some Topics in Summability Theory -- Chapter 3. Summability and Convergence using Ideals -- Chapter 4. Convergence Acceleration and Improvement by Regular Matrices -- Chapter 5. On Summability, Multipliability and Integrability -- Chapter 6. Multi-dimensional Summability Theory and Continuous Wavelet Transform -- Chapter 7. Absolute Riesz and Related Summability Methods -- Chapter 8. Some Applications of Summability Theory -- Chapter 9. Degree of Approximation of Functions through Summability Methods. 330 $aThis book discusses recent developments in and contemporary research on summability theory, including general summability methods, direct theorems on summability, absolute and strong summability, special methods of summability, functional analytic methods in summability, and related topics and applications. All contributing authors are eminent scientists, researchers and scholars in their respective fields, and hail from around the world. The book can be used as a textbook for graduate and senior undergraduate students, and as a valuable reference guide for researchers and practitioners in the fields of summability theory and functional analysis. Summability theory is generally used in analysis and applied mathematics. It plays an important part in the engineering sciences, and various aspects of the theory have long since been studied by researchers all over the world. . 606 $aSequences (Mathematics) 606 $aFunctional analysis 606 $aApproximation theory 606 $aSequences, Series, Summability 606 $aFunctional Analysis 606 $aApproximations and Expansions 615 0$aSequences (Mathematics) 615 0$aFunctional analysis. 615 0$aApproximation theory. 615 14$aSequences, Series, Summability. 615 24$aFunctional Analysis. 615 24$aApproximations and Expansions. 676 $a510 702 $aDutta$b Hemen$4edt$4http://id.loc.gov/vocabulary/relators/edt 702 $aE. Rhoades$b Billy$4edt$4http://id.loc.gov/vocabulary/relators/edt 906 $aBOOK 912 $a9910254075603321 996 $aCurrent topics in summability theory and applications$91523253 997 $aUNINA